Diseño de pavimento flexible con adoquines del tramo de 3 km de longitud de San Sebastián de Yalí-hacia La Rica (Comarca La Morena)
Presenta el diseño de la estructura de pavimento con adoquín, el cual consta de un estudio de suelo, un estudio de tránsito y el diseño de los espesores de capas, haciendo uso de las especificaciones dela ASHSTO-93 en dependencia de las condiciones de suelo existentes y de las proyecciones del t...
| Main Author: | |
|---|---|
| Other Authors: | |
| Format: | Tesis Section = Libro |
| Language: | Undetermined Spanish |
| Published: |
Managua
UNI
2012
|
| Subjects: |
| LEADER | 01091nam a2200241Ia 4500 | ||
|---|---|---|---|
| 008 | 240830s9999 xx 000 0 und d | ||
| 040 | |a BIBLIOTECA-RUPAP T.Mon 625.85 A283 | ||
| 041 | |a spa | ||
| 082 | |a T.Mon 625.85 A283 | ||
| 100 | 1 | |a Aguilar Vega, Jairo Antonio | |
| 245 | 1 | 0 | |a Diseño de pavimento flexible con adoquines del tramo de 3 km de longitud de San Sebastián de Yalí-hacia La Rica (Comarca La Morena) |
| 260 | |a Managua |b UNI |c 2012 | ||
| 300 | |a 132 p. :il. | ||
| 500 | |a Contiene: anexos. | ||
| 502 | |a Tesis (Ingeniero Civil)- UNI, 2012. | ||
| 520 | 3 | |a Presenta el diseño de la estructura de pavimento con adoquín, el cual consta de un estudio de suelo, un estudio de tránsito y el diseño de los espesores de capas, haciendo uso de las especificaciones dela ASHSTO-93 en dependencia de las condiciones de suelo existentes y de las proyecciones del trásito. | |
| 650 | 7 | |a PAVIMENTOS | |
| 650 | 7 | |b PAVIMENTOS FLEXIBLES | |
| 650 | 7 | |c PAVIMENTOS-DISEÑO Y CONSTRUCCION | |
| 700 | 1 | |a Tutor: |b Morales Urbina, Israel | |
| 942 | |c BK |2 ddc | ||
| 991 | |a TESIS | ||
| 999 | |c 18274 | ||